LEADER 01158cam0-2200373---450- 001 990004990830403321 005 20090403153020.0 035 $a000499083 035 $aFED01000499083 035 $a(Aleph)000499083FED01 035 $a000499083 100 $a19990604d1963----km-y0itay50------ba 101 1 $aita$alat 102 $aIT 105 $ay-------001yy 200 1 $a<>corrispondenza poetica di Dante Alighieri e Giovanni del Virgilio$f[a cura di] E. Bolisani, M. Valgimigli 210 $aFirenze$cOlschki$d1963 215 $aX, 89 p.$d25 cm 225 1 $a7. centenario della nascita di Dante$v1 300 $aTesto originale a fronte 676 $a879 676 $a851.1 702 1$aAlighieri,$bDante$f<1265-1321> 702 1$aDel Virgilio,$bGiovanni 702 1$aBolisani,$bEttore 702 1$aValgimigli,$bManara$f<1876-1965> 801 0$aIT$bUNINA$c20050419$gRICA$2UNIMARC 901 $aBK 912 $a990004990830403321 952 $a851.1 DANTE 9(1)$fFLFBC 952 $aP.3 A1(1561)$fFLFBC 959 $aFLFBC 996 $aCorrispondenza poetica di Dante Alighieri e Giovanni del Virgilio$9530832 997 $aUNINA LEADER 00907nam0-22003251i-450- 001 990009110830403321 005 20091102102953.0 010 $a2700700635 035 $a000911083 035 $aFED01000911083 035 $a(Aleph)000911083FED01 035 $a000911083 100 $a20091102d1977----km-y0itay50------ba 101 0 $afre 102 $aFR 105 $ay-------001yy 200 1 $aPierre Bayle ou l' obsession du mal$fJ. P. Jossua 210 $aParis$cAubier Montaigne$dc1977 215 $a187 p$d20 cm 225 1 $aPresence et pensee 300 $aIn testa al front. " Présence et Pensée" 676 $a199$v11 rid.$zita 700 1$aJossua,$bJean Pierre$0485183 801 0$aIT$bUNINA$gRICA$2UNIMARC 901 $aBK 912 $a990009110830403321 952 $aSDI-2KG 461$b2237$fSDI 959 $aSDI 996 $aPierre Bayle ou l' obsession du mal$9781263 997 $aUNINA